1747 1531 1074 1368 1212 2000 1622 1472 1675 1431 1743 1158 1277 1446 1690 1685 1424 1965 1392 1876 1714 1306 1683 1302 1253 1336 1225 1459 1796 1147 1537 1922 1048 1459 1219 1044 1211 1268 1129 1252 1304 1378 1083 1031 1743 1363 1011 1240 1171 1500 1034 1323 1895 1139 1161 1407 1982 1995 1623 1943 1205 1645 1592 1276 1585 1153 1320 1865 1066 1238 1397 1694 1430 1442 1714 1418 1692 1135 1949 1046 1187 1153 1675 1722 1022 1970 1605 1798 1351 1087 1626 1984 1568 1602 1530 1050 1847 1224 1221 BCNSPRNW ULIB Ver.6.0+V

เปลี่ยนเป็นภาษาไทย

Change to English
 แสดงรายละเอียดบรรณานุกรม
  กลับหน้าหลัก

Brief Record : Get Marc (ISO 2709) : E-mail record : QR code < ปิดหน้าต่าง
LEADER : 00000nam 2200000uu 4500
001    13399127356
003     ULIB
008    200512s2019||||th 000 0 tha d
020 ^- ^a9781496387035
060 ^- ^aWY100.7^bM45E
100 1^ ^aMelnyk, Bernadette Mazurek.
245 10 ^aEvidence-based practice in nursing & healthcare :a guide to best practice /^cBernadette Mazurek Melnyk, Ellen Fineout-Overholt.
246 13 ^aEvidence-based practice in nursing and healthcare
250 ^- ^a4th ed.
260 ^- ^aPhiladelphia :Wolters Kluwer,c2019.
300 ^- ^axxii, 782 p. :Other physical details col. ill.
504 ^- ^aIncludes bibliographical references and index.
505 0^ ^aUnit 1: Steps zero, one, two; getting started -- Unit 2: Step three: critically appraising evidence -- Unit 3: Steps four and five: moving from evidence to substainable practice change -- Unit 4: Creating and sustaining a culture and environment for evidence-based practice -- Unit 5: Step six: Disseminating evidence and evidence-based practice implementation outcomes -- Unit 6: Generating external evidence and writing successful grant proposals.
650 ^4 ^aEvidence-based medicine.
650 ^  ^aEvidence-based nursing
650 ^  ^aMethods.
700 1^ ^aFineout-Overholt, Ellen.
945    ^p2990^l0^i007029
999    ^aประนอม เกษจรัล
รายการนี้ยังไม่มีแท็ก
คุณยังไม่ได้ล็อกอิน คุณสามารถมีกิจกรรมร่วมกับเว็บไซต์ได้ แต่ต้องล็อกอินก่อน ::
  ล็อกอิน

รายการสื่อสารสนเทศ

ลำดับที่ ประเภท เลขเรียก/บาร์โค้ด สถานที่ สถานะ
1. Book การพยาบาล
หนังสือสำรอง
สถานะ=หนังสือสำรอง
WY100.7 M45E ฉ.1 
  Barcode: 007029
ห้องสมุดวิทยาเขตสวรรค์ประชารักษ์
►หนังสือทั่วไป
บนชั้น

รายการใกล้เคียง
    ผู้แต่ง [Melnyk, Bernadette Mazurek.]

    หัวเรื่อง [Evidence-based medicine.]
    หัวเรื่อง [Evidence-based nursing]
    หัวเรื่อง [Methods.]

BibComment


ยังไม่เคยถูกคอมเมนท์

คอมเมนท์ทรัพยากรรายการนี้
  คอมเมนท์: Evidencebased pr..


 Copyright 2026. Bcnsprnw @Library